Escritos antropófagos
Guardat en:
| Autor principal: | |
|---|---|
| Format: | Llibre |
| Idioma: | espanyol |
| Publicat: |
Buenos Aires
Corregidor
2008
|
| Edició: | 1a. ed |
| Col·lecció: | Vereda Brasil
|
| Matèries: | |
| Etiquetes: |
Afegir etiqueta
Sense etiquetes, Sigues el primer a etiquetar aquest registre!
|
MARC
| LEADER | 00000cam a2200000 a 4500 | ||
|---|---|---|---|
| 001 | UCC2876 | ||
| 003 | CL-VaPUC | ||
| 008 | 180323e20080000ag |||||||||||||||||spa|d | ||
| 020 | |a 9789500513678 | ||
| 082 | 0 | 4 | |a B869.3 |b AND |2 21 |
| 100 | 0 | |a Andrade, José Oswald de Sousa |e author |9 596878 | |
| 245 | 1 | 0 | |a Escritos antropófagos |
| 250 | |a 1a. ed | ||
| 300 | |a 236 p | ||
| 942 | |c BK | ||
| 945 | |d 20180323 15:33:00 |a arojas | ||
| 260 | |a Buenos Aires |b Corregidor |c 2008 | ||
| 650 | 0 | |a Literatura brasileña |9 269433 | |
| 650 | 0 | |a Antropofagia |9 507819 | |
| 583 | |a last modification |c 20180323 15:33:00 |k Rodrigo Vera | ||
| 490 | 0 | |a Vereda Brasil | |
| 999 | |c 370789 |d 370787 | ||
| 952 | |0 0 |1 0 |3 erb |4 0 |6 B_869_300000000000000_AND_2008 |7 0 |8 A |9 487440 |a BIBEDU |b BIBEDU |i 5459001 |l 2 |o B869.3 AND 2008 |p 5459001 |r 2023-09-21 |s 2023-09-15 |w 2019-11-24 |y BK |z Catalogado en:20180323 |k LIT | ||